000 00498nam a2200193Ia 4500
005 20250425162709.0
008 250425s9999 xx 000 0 und d
041 _aeng
082 _a595.3
100 _aNEW, MICHAEL B
245 0 _aFRESHWATER PRAWN FARMING: A MANUAL FOR THE CULTURE OF MACROBRACHIUM ROSENBERGII
250 _aS.E
260 _aEstados Unidos
_bFAO
_c1985
260 _aNEW YORK
300 _a118
650 _aCAMARON-CRIA Y DESARROLLO
942 _c01
010 _a97326
999 _c234570
_d234570